书目信息 |
| 题名: |
基础工程
|
|
| 作者: | 李利 , 韩玮 主编 | |
| 分册: | ||
| 出版信息: | 武汉 武汉大学出版社 2014 |
|
| 页数: | 232页 | |
| 开本: | 27cm | |
| 丛书名: | ||
| 单 册: | ||
| 中图分类: | TU47 | |
| 科图分类: | ||
| 主题词: | 基础(工程)--高等学校--教材 , 基础(工程) | |
| 电子资源: | ||
| ISBN: | 978-7-307-13393-8 | |
| 000 | 00820nam0 2200253 450 | |
| 001 | 141465 | |
| 005 | 20141106154228.79 | |
| 010 | @a978-7-307-13393-8@dCNY 30.00 | |
| 100 | @a20140820d2014 em y0chiy50 ea | |
| 101 | 0 | @achi |
| 102 | @aCN@b420000 | |
| 105 | @aa z 000yy | |
| 200 | 1 | @a基础工程@9ji chu gong cheng@b专著@f李利,韩玮主编 |
| 210 | @a武汉@c武汉大学出版社@d2014 | |
| 215 | @a232页@c图@d27cm | |
| 300 | @a普通高等学校土木工程专业创新系列规划教材 | |
| 330 | @a本书主要介绍了天然地基上的浅基础、连续基础、桩基础、沉井基础、基坑工程、特殊土地基等方面的内容。 | |
| 606 | 0 | @a基础(工程)@x高等学校@j教材 |
| 606 | 0 | @a基础(工程) |
| 690 | @aTU47@v5 | |
| 701 | 0 | @a李利@9li li@c(女,@f1967~)@4主编 |
| 701 | 0 | @a韩玮@9han wei@c(土木工程)@4主编 |
| 801 | 0 | @aCN@bZL@c20141106 |
| 905 | @a241430@dTU47@eL203 | |
| 基础工程/李利,韩玮主编.-武汉:武汉大学出版社,2014 |
| 232页:图;27cm |
| 普通高等学校土木工程专业创新系列规划教材 |
| ISBN 978-7-307-13393-8:CNY 30.00 |
| 本书主要介绍了天然地基上的浅基础、连续基础、桩基础、沉井基础、基坑工程、特殊土地基等方面的内容。 |
| ● |
| 相关链接 |
|
|
|
正题名:基础工程
索取号:TU47/L203
 
预约/预借
| 序号 | 登录号 | 条形码 | 馆藏地/架位号 | 状态 | 备注 |
| 1 | 0838011 | 208380116 | 建筑库101/101建筑库 96排4列1层/ [索取号:TU47/L203] | 在馆 | |
| 2 | 0838012 | 208380125 | 建筑库101/101建筑库 96排4列1层/ [索取号:TU47/L203] | 在馆 | |
| 3 | 0838013 | 208380134 | 土木与交通工程学院资料室/101建筑库 48排3列2层/ [索取号:TU47/L203] | 在馆 |